[Event "Reunion IBM op"]
[Site "Reunion"]
[Date "1997.??.??"]
[Round "7"]
[White "Magem Badals, Jordi"]
[Black "De la Riva Aguado, Oscar"]
[Result "1/2-1/2"]
[WhiteElo "2570"]
[BlackElo "2480"]
[Annotator "Bulletin"]
[PlyCount "22"]
[EventDate "1997.??.??"]
[EventType "swiss"]
[EventRounds "9"]
[EventCountry "FRA"]
[SourceTitle "EXT 1998"]
[Source "ChessBase"]
[SourceDate "1997.11.17"]
[SourceVersion "1"]
[SourceVersionDate "1997.11.17"]
[SourceQuality "1"]

1. e4 e5 2. Nc3 Nf6 3. g3 d5 4. exd5 Nxd5 5. Bg2 Nb6 (5... Nxc3 $142 6. bxc3
Bd6) 6. Nf3 Nc6 7. O-O Be7 8. Re1 Bg4 9. h3 Bxf3 10. Bxf3 f6 11. a4 a5 1/2-1/2

[Event "Sharjah FIDE GP (Women)"]
[Site "Sharjah"]
[Date "2014.09.06"]
[Round "11"]
[White "Hou, Yifan"]
[Black "L'Ami, Alina"]
[Result "1-0"]
[WhiteElo "2661"]
[BlackElo "2446"]
[Annotator "CB"]
[PlyCount "49"]
[EventDate "2014.08.25"]
[EventType "tourn"]
[EventRounds "11"]
[EventCountry "UAE"]
[EventCategory "10"]
[SourceTitle "CBM 162"]
[Source "ChessBase"]
[SourceDate "2014.09.17"]
[SourceVersion "1"]
[SourceVersionDate "2014.09.17"]
[SourceQuality "1"]

{A strange opening led to a open game in which l'Ami was too eager to take
control of squares and her weakening move d5 led to severe problems. A
beautiful exchange sacrifice uncorked the power of White's pieces and Black's
position fell apart like a house of cards.} 1. e4 e5 2. Nc3 Nf6 3. g3 Nc6 4.
Bg2 Bc5 5. Nge2 O-O 6. O-O a6 7. h3 d6 8. Kh2 Ne8 9. d3 f5 10. f4 fxe4 11. Nxe4
Bb6 12. N2c3 d5 13. Ng5 Nf6 14. fxe5 Nxe5 15. d4 Ng6 16. Rxf6 $1 Rxf6 17. Qh5
$1 (17. Bxd5+ Kh8 18. Qh5 h6 19. Nge4 {was also possible.}) 17... c6 18. Qxh7+
Kf8 19. Nf3 (19. Bd2 $1 {Was better}) 19... Bc7 20. Ne2 Qe8 21. Bg5 Rf5 22. Re1
Qf7 23. Bd2 Rxf3 {A blunder in a difficult position.} (23... Qf6 $1 $16) 24.
Bb4+ $1 Ne7 25. Qh8+ 1-0

[Event "Lopota FIDE GP (Women)"]
[Site "Lopota"]
[Date "2014.06.21"]
[Round "3"]
[White "Ju, Wenjun"]
[Black "Khotenashvili, Bela"]
[Result "1-0"]
[WhiteElo "2532"]
[BlackElo "2518"]
[Annotator "CB"]
[PlyCount "139"]
[EventDate "2014.06.19"]
[EventType "tourn"]
[EventRounds "11"]
[EventCountry "GEO"]
[EventCategory "11"]
[SourceTitle "CBM 161 Extra"]
[Source "ChessBase"]
[SourceDate "2014.08.29"]
[SourceVersion "1"]
[SourceVersionDate "2014.08.29"]
[SourceQuality "1"]

1. e4 e5 2. Nc3 Nf6 3. g3 Bc5 4. Bg2 O-O 5. Nge2 Re8 6. O-O c6 7. d4 exd4 8.
Nxd4 h6 9. a3 Bf8 10. Bf4 d6 11. h3 Na6 12. Re1 Nc5 13. g4 a5 14. Qd2 Qb6 15.
b3 Bd7 16. Nf5 Bxf5 17. gxf5 Rad8 18. Be3 Qc7 19. Bd4 Ncd7 20. f4 b5 21. b4 c5
22. Bf2 Rb8 23. bxc5 b4 24. axb4 axb4 25. Nd5 Nxd5 26. Qxd5 dxc5 27. e5 Nb6 28.
Qc6 Qxc6 29. Bxc6 Rec8 30. Bb5 Rc7 31. e6 Be7 32. Ra6 fxe6 33. Rxe6 Nc8 34. Bc4
Kf8 35. Kf1 Rbb7 36. Ra8 Ra7 37. Rb8 $2 (37. Ra6 $1 {which the official
tournament reporter Alina l'Ami calls "subtle, aesthetic and strong, all at
the same time", would have let Wenjun collect the full point.} Rxa8 38. Rxa8
Ke8 39. Be6 {and Black will lose material.}) 37... Rab7 {Now for some time it
looked like Bella, who was stubbornly defending, might hold on.} 38. Ra8 Ra7
39. Rb8 Rab7 40. Rxb7 Rxb7 41. Rc6 Nd6 42. Bd5 Rb8 43. f6 gxf6 44. Bxc5 Ne8 45.
Be3 Rd8 46. Be4 Nd6 47. Bd3 Rb8 48. Rb6 Rxb6 49. Bxb6 Nb7 50. Be3 Nc5 51. Bc4
Kg7 52. Ke2 Kg6 53. Kf3 f5 54. Bd5 Na4 55. Bd4 Nc3 56. Bc6 Bd6 57. Be8+ Kh7 58.
Bd7 Kg6 59. h4 Nd5 60. h5+ {To take or not to take, that is here the question.}
Kxh5 $2 ({After} 60... Kf7 61. Bxf5 Nxf4 {Black is suffering, but she has kept
her drawing chances alive.}) 61. Be8+ Kh4 62. Bf2+ Kh3 63. Bd7 Ne7 64. Bg3 $1 {
Now Black has to give up too much material in order to prevent Bd7-b5-f1 mate.}
Bxf4 65. Bxf4 h5 66. Bd6 Nd5 67. Bxf5+ Kh4 68. Be6 b3 69. cxb3 Nf4 70. Be7# {
The game ended in mate anyway.} 1-0

[Event "World Cup"]
[Site "Rotterdam"]
[Date "1989.??.??"]
[Round "?"]
[White "Short, Nigel D"]
[Black "Nunn, John DM"]
[Result "1/2-1/2"]
[WhiteElo "2650"]
[BlackElo "2620"]
[Annotator "ChessBase"]
[PlyCount "97"]
[EventDate "1989.06.??"]
[EventType "tourn"]
[EventRounds "15"]
[EventCountry "NED"]
[EventCategory "15"]
[SourceTitle "CBM 013"]
[Source "ChessBase"]
[SourceDate "1989.12.01"]
[SourceVersion "1"]
[SourceVersionDate "1989.12.01"]
[SourceQuality "1"]

1. e4 e5 2. Nc3 Nf6 3. g3 d5 4. exd5 Nxd5 5. Bg2 Nxc3 6. bxc3 Bd6 7. Nf3 O-O 8.
O-O Nd7 9. d4 $6 {N; ECO: 9.Rb1, 9.d3} exd4 10. cxd4 Nb6 {/\ ...Be6-d5, c6; ><
d5,c4} 11. Ng5 $1 Be7 12. h4 h6 13. Ne4 c6 14. a4 Be6 15. Nc5 Bxc5 16. dxc5 Nc4
$15 17. Rb1 Qe7 (17... Qa5 $5 18. Rxb7 Qxc5 $15) 18. Qh5 Rad8 19. Bf4 {>= 19.
Rfe1} Rd7 {>= 19...Bd5} 20. Rfe1 Qf6 21. Be4 Rfd8 $2 (21... Nd2 22. Bxd2 Rxd2
23. Qf3 Qxf3 $10) 22. Bd3 (22. Bg5 $2 hxg5 $1 23. hxg5 g6 $1) 22... Rd5 23. Bg5
$5 (23. Qe2 $5 Rxc5 24. Rxb7 $14) 23... Qc3 24. Rxe6 $1 fxe6 25. Rxb7 Rf8 {
/\ 26...Qe1+} 26. Kg2 Qd4 $2 (26... Rxd3 $1 27. cxd3 hxg5 28. dxc4 Qd2 29. Kh3
Qxf2 30. Qxg5 $10) 27. Qg6 $1 Rxf2+ 28. Kh3 Qg4+ 29. Kxg4 Ne5+ 30. Kh5 Nxg6 31.
Kxg6 hxg5 32. Rxg7+ Kf8 33. h5 $1 (33. hxg5 $2 Rxg5+ $1) 33... g4 34. h6 a5 35.
h7 $2 (35. Rc7 Rh2 36. h7 Rdh5 37. Rc8+ Ke7 38. Kg7 Rg5+ 39. Bg6 $18) 35...
Rg5+ 36. Kxg5 Kxg7 37. Kxg4 e5 $2 {>= 37...Rf8} 38. Be4 Rd2 39. Kf5 Rd4 40.
Kxe5 $2 (40. Bxc6 Rc4 41. Bd5 Rxc2 42. c6 Re2 43. Be4 $18) 40... Rxa4 41. Bxc6
Rc4 42. Kd5 Rxc2 43. Bb5 Rd2+ 44. Ke5 Rg2 45. c6 Rxg3 46. Bc4 Re3+ 47. Kd6 Re8
48. Kd7 Ra8 49. Bg8 1/2-1/2

[Event "World U16-ch10"]
[Site "Champigny sur Marne"]
[Date "1984.04.??"]
[Round "9"]
[White "Dreev, Alexey"]
[Black "Ivanchuk, Vassily"]
[Result "1/2-1/2"]
[WhiteElo "2325"]
[BlackElo "2390"]
[Annotator "Dvoretzky,M"]
[PlyCount "103"]
[EventDate "1984.04.01"]
[EventType "swiss"]
[EventRounds "11"]
[EventCountry "FRA"]
[SourceTitle "EXT 2015"]
[Source "ChessBase"]
[SourceDate "2014.11.20"]
[SourceVersion "1"]
[SourceVersionDate "2014.11.20"]
[SourceQuality "1"]
[TimeControl "40/9000:16/5400:0"]

1. e4 {My most talented was definitely Alexey Dreev. His talent was not less
than Kasparov or Karpov.   When he was young, his results were also better
than Kasparov's results. Kasparov became a Soviet Master when he was 15. Dreev
became one at 13! And he didn't have the support that Karpov or Kasparov
received.  When Dreev played the World Cadets Championship under-16 twice, he
was 14 and 15 years old. He won both of them. He didn't lose any games.
Kasparov didn't win both his Cadet Championships. There was no doubt that
results of Dreev were higher than anybody at that age. But then the Soviet
system coupled with his own family, environment, and the city in which he
lived stopped him from progressing. He missed his opportunity to travel abroad.
All these factors prevented him from becoming a real star. He became a very
strong grandmaster who represented his country at the Olympiad. So it's not a
bad result, but he had potential for more.} Nf6 2. Nc3 e5 3. g3 Bc5 4. Bg2 Nc6
5. d3 a6 6. Nf3 d6 7. O-O O-O 8. Nd5 (8. h3 Be6 9. Kh2 h6 10. Be3 Bxe3 11. fxe3
d5 12. exd5 Nxd5 13. Nxd5 {1/2-1/2 (13) Stoica,V (2415)-Lukacs,P (2465) Tuzla
1981}) 8... Nxd5 9. exd5 Ne7 10. d4 exd4 11. Nxd4 Nf5 12. Nb3 Ba7 $146 (12...
Bb6 13. Bd2 Re8 14. Ba5 Ba7 15. Qd3 Ne3 16. Be4 Nxf1 17. Bxh7+ Kh8 18. Rxf1 Bh3
19. Bc3 Qg5 20. Be4 Bxf1 21. Kxf1 Re7 22. Qf3 f5 23. Bd3 Qg4 24. Qxf5 Qxf5 25.
Bxf5 Rf8 26. g4 Kg8 27. Bd4 c5 28. Be3 g6 29. Be6+ Kh7 30. Nd2 b5 31. Ne4 Bb8
32. Kg2 Kg7 33. f4 Rh8 34. b4 Kf8 35. bxc5 Reh7 36. Bg1 Ke7 37. c6 Bc7 38. Ng5
Rh4 39. h3 Rf8 40. Bd7 Ba5 41. Be3 Bc3 42. Be6 {Sanz Alonso,F (2355)-Jones,I 
(2245) Marbella 1982 1-0}) 13. Qd3 Qf6 14. Bd2 Bd7 15. Qc3 Nd4 16. Kh1 Bf5 17.
Rac1 Rfe8 18. Be3 Nxb3 19. Qxf6 gxf6 20. cxb3 Bd3 21. Rfe1 Bxe3 22. fxe3 Rac8
23. Rc3 Be4 24. Rec1 Bxg2+ 25. Kxg2 Re7 26. g4 Kg7 27. Kf3 Rce8 28. R1c2 Re5
29. Re2 R8e7 30. e4 a5 31. h3 Kg6 32. Rc4 c6 33. dxc6 bxc6 34. Rd2 d5 35. exd5
cxd5 36. Ra4 Re3+ 37. Kg2 R7e5 38. Rxa5 d4 39. b4 Re2+ 40. Rxe2 Rxe2+ 41. Kf3
Rxb2 42. b5 d3 43. Ke3 d2 44. Ke2 f5 45. gxf5+ Kxf5 46. a4 Ke4 47. Ra7 f5 48.
Re7+ Kf4 49. Rxh7 Kg3 50. h4 f4 51. h5 f3+ 52. Kd1 1/2-1/2

[Event "Tan Chin Nam Cup 3rd "]
[Site "Beijing"]
[Date "1997.08.15"]
[Round "6"]
[White "Zhang, Zhong"]
[Black "Zhu, Chen"]
[Result "1/2-1/2"]
[WhiteElo "2475"]
[BlackElo "2515"]
[Annotator "Finkel,A"]
[PlyCount "90"]
[EventDate "1997.08.11"]
[EventType "tourn"]
[EventRounds "11"]
[EventCountry "CHN"]
[EventCategory "12"]
[SourceTitle "CBM 061"]
[Source "ChessBase"]
[SourceDate "1997.11.23"]
[SourceVersion "1"]
[SourceVersionDate "1997.11.23"]
[SourceQuality "1"]

1. e4 e5 2. Nc3 Nf6 3. g3 Bc5 4. Bg2 Nc6 5. Nf3 d6 6. d3 a6 (6... O-O 7. Na4 $1
$14) 7. O-O O-O 8. Be3 (8. h3 h6 9. Be3 Bxe3 10. fxe3 Be6 11. Nh4 g6 $5 12. Kh2
Nh7 13. d4 Bd7 $13 {Biro,S-Lukacs,P/Zalakaros op 1996/EXP 52 (43)}) 8... Nd4 $5
(8... Re8 $6 9. h3 Bd7 10. d4 $5 Ba7 (10... exd4 11. Nxd4 Nxd4 12. Bxd4 Bxd4
13. Qxd4 Bc6 14. Rfe1 $14) 11. Re1 b5 12. a3 $14 {Guyot,P-Letreguilly,O/
FRA-chT 1993/TD 93\08 (25)}) (8... Be6 9. d4 exd4 10. Nxd4 Nxd4 11. Bxd4 Bxd4
12. Qxd4 Qd7 13. Rfe1 Rad8 14. Rad1 $14 {Makarichev,S-Jussupow,A/URS-ch47
Minsk 1979/URS-ch (29)}) (8... Bxe3 9. fxe3 Ne7 10. Nh4 Bg4 11. Qd2 Qd7 12. d4
Rad8 13. Rf2 c6 14. Raf1 $14 {Marinkovic,I-Papatheodorou,T/Athens op 1993/TD
93\07 (48)}) (8... h6 9. h3 Be6 10. Kh2 Qe7 11. d4 exd4 12. Nxd4 Nxd4 13. Bxd4
Bxd4 14. Qxd4 Rfe8 15. Rad1 Bd7 16. Rfe1 Bc6 17. f4 Nd7 18. Qd2 Rad8 19. Nd5
Bxd5 20. Qxd5 Nc5 21. c4 c6 22. Qd2 Ne6 23. Qf2 {Fichtl,J-Plachetka,J/CSR-ch
Rimavska Sobota 1974/MCD-ch/1-0 (41)}) 9. h3 Ba7 $5 (9... Nxf3+ 10. Qxf3 Bxe3
11. Qxe3 c5 12. f4 b6 13. Rf2 $14) 10. Nh2 $5 c6 11. Qd2 Ne8 $5 {Interesting
decision leading to lively piece play.} 12. Rae1 f5 13. f4 {[%cal Ga7g1]} (13.
exf5 Nxf5 14. Bxa7 Rxa7 15. Ng4 Qb6 16. Na4 Qc7 $15) 13... fxe4 (13... exf4 $6
14. Rxf4 Nc7 15. Ref1 Qe7 16. Nf3 $14) 14. dxe4 (14. Nxe4 exf4 15. Rxf4 Rxf4
16. gxf4 d5 17. Ng5 Nf6 $11) 14... Qa5 $5 15. Rf2 Qb4 16. Qc1 exf4 17. gxf4 {
Despite of the fact that white has a pair of weak pawns in the center and all
his pieces take quiet passive positions he still has better chances in
forthcoming struggle because black pieces lack coordination.} b5 18. a3 Qa5 19.
Qd2 Ne6 20. f5 Nd8 (20... Bxe3 21. Qxe3 Nd8 22. Ng4 b4 23. axb4 Qxb4 24. e5 $36
) 21. e5 dxe5 22. Ng4 $1 $36 Qc7 (22... Bxe3 23. Qxe3 Bxf5 $6 24. Qxe5 Qb6 25.
Kh1 Be6 26. Rxf8+ Kxf8 27. Qh5 $40 {[%csl Rf8]}) 23. Nxe5 Nf6 24. Ng4 $5 Nxg4
25. hxg4 Qg3 $5 26. Bxa7 Rxa7 27. Qe3 $6 (27. Ne4 $5 Qh4 (27... Qxg4 $4 28. Qd4
$18) 28. Qg5 Qxg5 29. Nxg5 $14) 27... Qxe3 28. Rxe3 h5 $1 {Solving the problem
of 'bad' bishop.} 29. gxh5 Bxf5 30. Re5 Raf7 31. Rd2 Rd7 32. Rxd7 Bxd7 33. Ne4
Rf5 $11 34. Re7 Rf7 35. Re5 Rf5 36. Re7 Rf7 37. Rxf7 Kxf7 38. Nc5 Bc8 39. Ne4
Bg4 40. Nc5 a5 41. Nb3 a4 42. Nd4 Bxh5 43. Nxc6 Nxc6 44. Bxc6 Bg6 45. b4 axb3
1/2-1/2

[Event "Kfar Sava weekend"]
[Site "Kfar Sava"]
[Date "2000.08.04"]
[Round "3"]
[White "Finkel, Alexander"]
[Black "Lev, Ronen"]
[Result "1/2-1/2"]
[WhiteElo "2467"]
[BlackElo "2455"]
[Annotator "Finkel,A"]
[PlyCount "118"]
[EventDate "2000.08.04"]
[EventType "swiss"]
[EventRounds "9"]
[EventCountry "ISR"]
[SourceTitle "CBM 078"]
[Source "ChessBase"]
[SourceDate "2000.10.18"]
[SourceVersion "1"]
[SourceVersionDate "2000.10.18"]
[SourceQuality "1"]

1. e4 e5 2. Nc3 Nf6 3. g3 d5 4. exd5 Nxd5 5. Bg2 Nxc3 6. bxc3 Bd6 7. Nf3 O-O 8.
O-O Nd7 9. d4 c5 $5 {Possible continuation,which however is rarely seen in
tournament practice.The draback of this move is that white gets quiet
significient advantage in development,but on my opinion this move should be
enough for eqaulity} (9... h6 10. Re1 exd4 11. cxd4 Nb6 12. Nd2 Bb4 13. Rb1 a5
14. a3 Bc3 $13 {Stripunsky,A-Kazhgaleyev,M/Komercni Banka op 1996}) (9... exd4
10. cxd4 Nf6 11. c4 c6 12. Re1 Bf5 13. Nh4 Be6 14. d5 cxd5 15. cxd5 Bg4 16. Qd3
Bb4 17. Rf1 Re8 18. Be3 {1/2-1/2 Zarnicki,P-Morovic Fernandez,I/ARG-ch 1995})
10. Re1 exd4 (10... Qc7 11. a4 $5 a6 $6 12. a5 cxd4 13. cxd4 Bb4 14. Bd2 Bxd2
15. Qxd2 exd4 16. Nxd4 Nf6 17. Qb4 $14 {Bakalarz,M-Schlehoefer,R/NRW-I 1993})
11. cxd4 cxd4 12. Bb2 $5 {Giving black a choice to decide which pieces he
prefers to change!} (12. Qxd4 Bc5 13. Qd5 Qb6 14. Be3 Bxe3 15. Rxe3 Nf6 16. Qb3
Be6 $11) (12. Nxd4 $5 Nf6 13. Bb2 (13. Nb5 Bc5 14. Qxd8 Rxd8 15. Bf4 Ng4 $11)
13... Bg4 14. Qd3 Rb8 15. h3 Bh5 $132) 12... Bc5 $6 {Inaccuracy permitting
white to get something from the opening} (12... Nf6 $5 13. Qxd4 (13. Nxd4)
13... Qb6 $1 $11) 13. Bxd4 Qc7 14. Qd3 $1 $14 {The only way to get an opening
advantage.} Bxd4 (14... Rd8 15. Qc3 $5 Qd6 16. Bxg7 Bb4 17. Qb2 Bxe1 18. Rxe1
f6 19. Bh6 $36) 15. Nxd4 Nc5 (15... Nf6 16. Qa3 $1 Rd8 17. c3 Bg4 18. Re7 Rd7
19. Rae1 $14) 16. Qc4 Bd7 {Sacrificing a pawn in order to get counterplay.This
move is probably the best option that black may choose:} (16... Be6 17. Nxe6
fxe6 18. Bxb7 $1 $16 {[%cal Gc4c7]}) (16... Rb8 17. Nb5 Qb6 18. Re5 Ne6 19. Rd1
$14) 17. Bxb7 $1 ({Nothing promises} 17. Nb3 Rac8 18. Nxc5 (18. Re7 Qd6 $1 $13)
18... Qxc5 19. Qxc5 Rxc5 20. Re7 Bc6 21. Bxc6 bxc6 22. Rxa7 Rxc2 $11 {with the
draw.}) 17... Qxb7 18. Qxc5 Bh3 19. f3 (19. Qc6 Qb2 20. Qe4 Rad8 21. Nc6 Rd2
$13) 19... Rac8 20. Qa3 $1 h5 21. Re4 $1 {White knight on d4 is the ''central
defender'' so white has to protect it as strongly as he is able to.} (21. Re7
$6 Qb6 22. Qxa7 (22. Qe3 Rfd8 23. c3 Qb2) 22... Qb4 $1 {[%cal Gb4d2]} (22...
Qxa7 23. Rxa7 Rc4 24. Ne2 Rxc2 25. Nf4 Bf5 $14) 23. Rae1 Ra8 24. Nc6 Qc3 $44 {
[%csl Rc2,Rf3,Rg1]}) 21... Rc4 22. Rae1 Qd7 (22... Qb6 $2 23. Qxf8+ $1 Kxf8 24.
Re8#) 23. Qd3 (23. Qe3 $5) 23... Rfc8 24. Kf2 $6 {Giving black an opportunity
to get counterchanses.Better was} (24. R1e3 $1 $16) 24... Be6 $6 {Missing the
chance:} (24... Rxc2+ $1 25. Qxc2 Rxc2+ 26. Nxc2 Be6 27. a3 $14) (24... Rc3 $6
25. Re8+ Rxe8 26. Rxe8+ Qxe8 27. Qxc3 $18) 25. R1e3 $1 Bd5 (25... g6 $5) 26.
Re5 (26. Re7 Qa4 27. Qf5 R4c5 $132) 26... g6 27. Ne2 {[%cal Gd3d7]} R4c5 28.
Qd4 $1 Qc6 29. a3 $1 Be6 30. Rxc5 Qxc5 31. Qxc5 Rxc5 32. Rc3 $16 {The arising
endgame should be winning for white,but it's far from being easy.} Ra5 33. Nf4
Bf5 34. h3 $1 ({After} 34. Nd3 $6 Bxd3 35. cxd3 Kf8 36. Ke3 Ra4 37. d4 Ke7 $14
{black shoud hold the position without problems.}) 34... Kf8 35. g4 hxg4 36.
hxg4 Bd7 37. Ke3 g5 38. Nd3 f5 39. Nc5 $1 {[%csl Ra5]} Ke7 $8 (39... Bc8 40.
gxf5 Bxf5 41. a4 Ke7 42. Kd4 $18 {[%csl Ra5][%cal Gd4b4]}) 40. gxf5 $2 ({
All my previous play was dedicated to the idea to take the advantage of the
fact that black rook is cut of the game on a5,but I was too hasty:after
another preparation move black is helpless-} 40. Kd4 $1 Rb5 (40... fxg4 41.
Re3+ $18 Kd8 42. Nb7+ {[%cal Gb7a5,Gb7d8]}) (40... f4 41. Kc4 Bc6 42. a4 $1 $18
) 41. Re3+ Kd6 42. Re5 $1 $18) 40... Bxf5 41. a4 $6 (41. Kd4 $5) 41... Bd7 $1
42. Rc4 {Only now I descovered that my whole idea was not more than the
fiction:after} (42. Kd4 Bxa4 43. Ra3 Rxc5 44. Kxc5 Bxc2 45. Kd5 Kf6 $1 46. Rxa7
Bb3+ $11 {black easily holds the position,which I totally overlooked}) 42...
Be6 $5 43. Kd4 $5 {The only chanse to fight for a win.} (43. Nxe6 Kxe6 44. Re4+
Kd6 45. Kd3 Rf5 $11) 43... Bxc4 44. Kxc4 Kf6 45. Kb4 Rxc5 46. Kxc5 Ke5 47. Kb5
Kf4 48. c4 Kxf3 49. c5 g4 50. c6 g3 51. c7 g2 52. c8=Q g1=Q 53. Qf5+ Ke2 54.
Qc2+ (54. a5 $5) 54... Kf3 55. Qd3+ $6 {Depriving myself the last chanse to
win the game} (55. a5 $5) 55... Kf4 56. a5 Ke5 57. Ka6 Qc5 58. Qg3+ Ke6 59. Qb8
Kd7 1/2-1/2

[Event "EU-chT (Men) 11th"]
[Site "Pula"]
[Date "1997.05.??"]
[Round "4.2"]
[White "Guseinov, Aidyn"]
[Black "Mitkov, Nikola"]
[Result "1-0"]
[WhiteElo "2430"]
[BlackElo "2475"]
[Annotator "Finkel,A"]
[PlyCount "91"]
[EventDate "1997.05.05"]
[EventType "team-swiss"]
[EventRounds "9"]
[EventCountry "CRO"]
[SourceTitle "CBM 057 Extra"]
[Source "ChessBase"]
[SourceDate "1997.05.01"]
[SourceVersion "1"]
[SourceVersionDate "1997.05.01"]
[SourceQuality "1"]
[WhiteTeam "Azerbaijan"]
[BlackTeam "Macedonia"]
[WhiteTeamCountry "AZE"]
[BlackTeamCountry "MKD"]

1. e4 e5 2. Nf3 Nc6 3. Nc3 Nf6 4. g3 Bc5 5. Bg2 d6 6. d3 Be6 $6 {This quiet
oftenly played move on my opinion is serious inaccuracy.Much better is 6...a6
keeping the bishop on the board.} 7. Na4 $1 $14 h6 8. O-O Qd7 (8... Bb6 $5 9.
Nxb6 axb6 10. b3 O-O 11. Bb2 $14 {with very comfortble position.}) 9. Nxc5 dxc5
10. Be3 $5 {Another option was to develop a bishop on b2:} (10. b3 $5 O-O-O 11.
Bb2 Qd6 12. Nh4 Nd4 13. f4 $14) 10... b6 11. a3 {Starting the game on the
queenside.} Bg4 (11... O-O-O $6 12. b4 c4 13. b5 Nd4 14. Nxe5 Qxb5 15. f4 $16)
(11... Bh3 $5) 12. Qd2 Rd8 13. b4 {Deserved attention 13.b3 with following Nh4
and f4.} Bxf3 (13... c4 $5 14. dxc4 (14. b5 $5 Bxf3 15. bxc6 Qg4 16. h3 (16.
Qc3 Bxg2 17. Qxe5+ Qe6 18. Qxe6+ fxe6 19. Kxg2 cxd3 $11) 16... Qh5 17. Bxf3 (
17. g4 Nxg4 $1 18. Bxf3 Qxh3 $11) 17... Qxf3 18. Qc3 Qh5 19. Kg2 cxd3 20. cxd3
$14) 14... Qe6 15. Qe2 Nxe4 16. Rfe1 O-O $11) 14. Bxf3 Nd4 15. Bd1 $1 {Keeping
an option to transfer a bishop to the queenside.} c4 16. dxc4 Qc6 (16... Nxe4
$6 17. Qe1 Qf5 $6 18. f4 $1 O-O 19. c3 Ne6 20. Bc2 $18) 17. Qe1 Qxc4 (17...
Qxe4 18. f3 Qf5 19. c3 Nc6 20. Ba4 Qe6 21. Qe2 $16) 18. c3 Ne6 19. f3 O-O 20.
Be2 Qc6 21. a4 $1 {Intending to transfer a bishop on diagonal a2-g8,where it
can put a lot of pressure on the black pieces.} Ne8 22. Bb5 Qb7 23. Bc4 Nd6 24.
Bd5 $1 {Weakening the black pawns on the queenside.} c6 25. Bb3 a6 26. Qe2 Ra8
$6 {Useless move,creating the additional difficulties in defense.} 27. Rad1 $16
Rad8 28. Rd2 Nc8 29. Rfd1 (29. Bxe6 $5 fxe6 30. Qc4 Rde8 31. Kg2 b5 32. axb5
axb5 33. Qc5 $16) 29... Rxd2 30. Rxd2 Re8 (30... Rd8 $5 31. Bxe6 Rxd2 32. Bxf7+
Qxf7 33. Bxd2 Nd6 34. Kf2 $16) 31. Qd1 Re7 32. f4 exf4 33. gxf4 Nf8 34. e5 {
The difference in the strength of the pieces is huge and inspite the material
balance black's position is nearly lost.} Re8 35. Qg4 Ne7 36. f5 Qc8 $6 {
Missing 38th move of white.36...Qb8 would let black hold the position a little
more.} 37. Rg2 Nxf5 38. e6 $1 $18 fxe6 39. Qxf5 Qd7 40. Bd4 Re7 41. Rf2 Nh7 42.
Bxb6 Ng5 43. Qf8+ Kh7 44. Bc2+ g6 45. Rf6 Rg7 46. Qd8 1-0